<Le> marketing mix du marketing multiniveau diplomová práca

Na minha lista:
Detalhes bibliográficos
Autor principal: Pakšiová, Margaréta
Autor Corporativo: Ekonomická univerzita v Bratislave. Ústav medzinárodných programov
Outros Autores: Kita, Jaroslav
Formato: Livro
Idioma:francês
Publicado em: Bratislava 2015
Tags: Adicionar Tag
Sem tags, seja o primeiro a adicionar uma tag!

MARC

LEADER 00000nbm a2200000 4500
001 0208913
005 20161121123348.8
041 0 |a fre 
044 |a SK 
245 1 0 |a <Le> marketing mix du marketing multiniveau  |b diplomová práca  |c Margaréta Pakšiová ; školiteľ: Jaroslav Kita 
264 1 |a Bratislava  |c 2015 
300 |a 76 s. 
100 1 |a Pakšiová, Margaréta 
700 1 |a Kita, Jaroslav 
710 2 |a Ekonomická univerzita v Bratislave. Ústav medzinárodných programov